Code of measuring practice revised (Record no. 67006)
[ view plain ]
| 000 -LEADER | |
|---|---|
| fixed length control field | 00962cam a2200205 4500 |
| 001 - CONTROL NUMBER | |
| control field | WB3719-40 |
| 008 - FIXED-LENGTH DATA ELEMENTS--GENERAL INFORMATION | |
| fixed length control field | 000000n2001 000 0 eng u |
| 035 ## - SYSTEM CONTROL NUMBER | |
| System control number | (Sirsi) u112579 |
| 245 ## - TITLE STATEMENT | |
| Title | Code of measuring practice revised |
| 260 ## - PUBLICATION, DISTRIBUTION, ETC. | |
| Date of publication, distribution, etc. | 2001 |
| 490 ## - SERIES STATEMENT | |
| Series statement | CSM (Chartered Surveyor Monthly) |
| Volume/sequential designation | May 2001, 5(1) |
| 520 ## - SUMMARY, ETC. | |
| Summary, etc. | The Property Measurement Panel has completed its revision of the fourth edition of the RICS "Code of Measuring Practice". The code includes a new section on leisure property. Members are invited to comment on the fifth edition before it is published. To obtain a draft copy of the document please contact Paul Bagust in the Valuation Faculty. Tel: 020 7222 7000 x210 (or email: [email protected]). |
| 590 ## - LOCAL NOTE (RLIN) | |
| Local note | WB |
| 650 ## - SUBJECT ADDED ENTRY--TOPICAL TERM | |
| Topical term or geographic name entry element | RICS CODE OF MEASURING PRACTICE |
| 650 ## - SUBJECT ADDED ENTRY--TOPICAL TERM | |
| Topical term or geographic name entry element | LEISURE PROPERTY |
| 650 ## - SUBJECT ADDED ENTRY--TOPICAL TERM | |
| Topical term or geographic name entry element | Valuation |
| 9 (RLIN) | 6273 |
| 650 ## - SUBJECT ADDED ENTRY--TOPICAL TERM | |
| Topical term or geographic name entry element | Measurement |
| 9 (RLIN) | 6256 |
| 690 ## - LOCAL SUBJECT ADDED ENTRY--TOPICAL TERM (OCLC, RLIN) | |
| Topical term or geographic name as entry element | PROPERTY-PROPERTY APPRAISAL AND VALUATION |
| 942 ## - ADDED ENTRY ELEMENTS (KOHA) | |
| Suppress in OPAC | 0 |
| Withdrawn status | Lost status | Source of classification or shelving scheme | Damaged status | Not for loan | Home library | Current library | Shelving location | Date acquired | Total Checkouts | Full call number | Barcode | Date last seen | Copy number | Price effective from | Koha item type |
|---|---|---|---|---|---|---|---|---|---|---|---|---|---|---|---|
| Dewey Decimal Classification | London | London | News article | 15/05/2001 | WB3719-40 | 112579-1001 | 06/08/2019 | 1 | 06/08/2019 | News article |